000 01165cam a22003374a 4500
001 14021490
003 OSt
005 20140310181722.0
008 050630s2006 mau b 000 0 eng
010 _a 2005018859
020 _a1591399734 (pbk.)
035 _a(OCoLC)ocm60824195
040 _aDLC
_cDLC
_dBAKER
_dC#P
_dVP@
_dDLC
042 _apcc
050 0 0 _aHF 5549.5.R58
_b.R485 2006
082 0 0 _aIB 658.4
_bR31r 2006
245 0 0 _aRetaining your best people. /
260 _aBoston, Mass. :
_bHarvard Business School Press,
_cc2006.
300 _avii, 172 p. :
_c22 cm.
440 4 _aThe results-driven manager series
650 0 _aEmployee retention.
650 0 _aPersonnel management.
650 0 _aLabor turnover.
710 2 _aHarvard Business School.
_bPress.
856 4 1 _3Table of contents
_uhttp://www.loc.gov/catdir/toc/ecip0515/2005018859.html
906 _a7
_bcbc
_corignew
_d1
_eecip
_f20
_gy-gencatlg
942 _2lcc
_cBK
999 _c2043
_d2043